Microgravity and electrical resistivity investigations of old mine workings at CAM and Motor mine in Kadoma / (Record no. 173186)
[ view plain ]
| 000 -LEADER | |
|---|---|
| fixed length control field | 01308nam a2200313 4500 |
| 003 - CONTROL NUMBER IDENTIFIER | |
| control field | NUST |
| 005 - DATE AND TIME OF LATEST TRANSACTION | |
| control field | 20260629112413.0 |
| 008 - FIXED-LENGTH DATA ELEMENTS--GENERAL INFORMATION | |
| fixed length control field | 260629b |||||||| |||| 00| 0 eng d |
| 040 ## - CATALOGING SOURCE | |
| Original cataloging agency | NUST |
| Language of cataloging | eng |
| Transcribing agency | NUST |
| Modifying agency | NUST |
| Description conventions | rda |
| 050 ## - LIBRARY OF CONGRESS CALL NUMBER | |
| Classification number | QE500 NCU |
| 100 1# - MAIN ENTRY--PERSONAL NAME | |
| Personal name | Ncube, Lwazi Brian |
| Relator term | author |
| 245 1# - TITLE STATEMENT | |
| Title | Microgravity and electrical resistivity investigations of old mine workings at CAM and Motor mine in Kadoma / |
| Statement of responsibility | Lwazi Brian Ncube. |
| 260 ## - PUBLICATION, DISTRIBUTION, ETC. | |
| Place of publication, distribution, etc. | Bulawayo, Zimbabwe : |
| Name of publisher, distributor, etc. | National University of Science and Technology, |
| Date of publication, distribution, etc. | ©2011. |
| 300 ## - PHYSICAL DESCRIPTION | |
| Extent | x, 83 pages : |
| Other physical details | illustrations ; |
| Dimensions | 31 cm. |
| 336 ## - CONTENT TYPE | |
| Source | rdacontent |
| Content type term | text |
| Content type code | txt |
| 337 ## - MEDIA TYPE | |
| Source | rdamedia |
| Media type term | unmediated |
| Media type code | n |
| 338 ## - CARRIER TYPE | |
| Source | rdacarrier |
| Carrier type term | volume |
| Carrier type code | nc |
| 500 ## - | |
| Typescript | A thesis submitted in partial fulfillment of the requirements for the Master of Science degree in Geophysics. |
| 501 ## - STUDY LEVEL | |
| -- | Masters |
| 504 ## - BIBLIOGRAPHY, ETC. NOTE | |
| Bibliography, etc. note | Includes bibliographical references. |
| 650 #0 - SUBJECT ADDED ENTRY--TOPICAL TERM | |
| Topical term or geographic name entry element | Geophysics |
| General subdivision | Field methods. |
| 650 #0 - SUBJECT ADDED ENTRY--TOPICAL TERM | |
| Topical term or geographic name entry element | Microgravity (Geophysics). |
| 650 #0 - SUBJECT ADDED ENTRY--TOPICAL TERM | |
| Topical term or geographic name entry element | Electrical resistivity |
| General subdivision | Measurement. |
| 650 #0 - SUBJECT ADDED ENTRY--TOPICAL TERM | |
| Topical term or geographic name entry element | Mines and mineral resources |
| General subdivision | Safety measures |
| Geographic subdivision | Kadoma |
| -- | Zimbabwe. |
| 650 #0 - SUBJECT ADDED ENTRY--TOPICAL TERM | |
| Topical term or geographic name entry element | Subsurface voids |
| General subdivision | Detection. |
| 650 #0 - SUBJECT ADDED ENTRY--TOPICAL TERM | |
| Topical term or geographic name entry element | Hazard mitigation |
| General subdivision | Mining. |
| 700 1# - ADDED ENTRY--PERSONAL NAME | |
| Personal name | Mashingaidze, R. T. |
| Relator term | supervisor |
| 942 ## - ADDED ENTRY ELEMENTS (KOHA) | |
| Source of classification or shelving scheme | Library of Congress Classification |
| Suppress in OPAC | No |
| Koha item type | 3-Hour Loan Material |
| Classification part | QE500 NCU |
| Call number prefix | QE |
| Call number suffix | NCU |
| 999 ## - | |
| -- | 173186 |
| -- | 173186 |
| Withdrawn status | Lost status | Source of classification or shelving scheme | Damaged status | Not for loan | Collection | Home library | Current library | Shelving location | Date acquired | Cost, normal purchase price | Total Checkouts | Full call number | Barcode | Date last seen | Accession number | Cost, replacement price | Price effective from | Koha item type |
|---|---|---|---|---|---|---|---|---|---|---|---|---|---|---|---|---|---|---|
| LCC | NFIC | MAIN | MAIN | Special Collection | 06/29/2026 | 15.00 | QE500 NCU | 92004056094 | 06/29/2026 | SC24/1307 | 15.00 | 06/29/2026 | BOOKS |